000 00347nam a2200145Ia 4500
008 230605s1994 xx 000 0 und d
041 _aeng
100 _aPeter Jones
245 _aManaging Project in hospitality Operations
260 _bCassell
_c1994
300 _a264p
520 _aHard Board
520 _aReference Copy
650 _aHos.
999 _c420075
_d420075